00388nam a2200121Ia 4500008004100000040001800041041001200059082001300071100001100084245014500095260000900240300001700249230917s9999||||xx |||||||||||||| ||und|| e5000123aMAIN aEnglish a373 H57A aHimani 0aAcademic procrastinations among SR. SEC. school students in relation to their personality traits, parental education and academic motivation c2022 axiii, 145 p.